| 000 | 00515nam a22001937a 4500 | ||
|---|---|---|---|
| 003 | PILC | ||
| 005 | 20160114142216.0 | ||
| 008 | 121116t xxu||||| |||| 00| 0 eng d | ||
| 020 | _a190343419X | ||
| 050 |
_aPZ 7 _b.R643 2001 |
||
| 082 |
_aFIC _bR54c 2001 |
||
| 100 | _aRoberts, Katherine | ||
| 245 |
_aCrystal mask : _cKatherine Roberts _bthe echorium sequence |
||
| 260 |
_aGreat Britain : _bThe Chiken house, _cc2001. |
||
| 300 |
_a255 p. : _c22 cm |
||
| 562 | _e1 | ||
| 942 |
_2lcc _cBK |
||
| 999 |
_c1192 _d1192 |
||